Breaking barriers : (Record no. 142441)

MARC details
000 -LEADER
fixed length control field 00700nam a22002057a 4500
005 - DATE AND TIME OF LATEST TRANSACTION
control field 20170711161528.0
010 ## - LCCN (DPL NO)
LC control number ENG-119156
020 ## - INTERNATIONAL STANDARD BOOK NUMBER
Terms of availability 499.00
International Standard Book Number 9789382524229
035 ## - SYSTEM CONTROL NUMBER
System control number EN-102688
037 ## - SOURCE OF ACQUISITION
Source of stock number/acquisition DBAD/PUB
082 ## - DEWEY DECIMAL CLASSIFICATION NUMBER
Classification number 338.272806054
100 ## - MAIN ENTRY--PERSONAL NAME
Personal name Rath,Satchidananda
245 ## - TITLE STATEMENT
Title Breaking barriers :
Statement of responsibility, etc by Satchidananda Rath [and] Prakash Deka
Remainder of title transforming oil India limited into a learning organization /
260 ## - PUBLICATION, DISTRIBUTION, ETC. (IMPRINT)
Place of publication, distribution, etc New Delhi
Name of publisher, distributor, etc The Book Line
Date of publication, distribution, etc 2015
270 ## - ADDRESS
Address 106,4787/23,Ist Floor,Ansari Road
City New Delhi
Postal code 110002
300 ## - PHYSICAL DESCRIPTION
Extent xvi,191p. :
Dimensions 22cm(pbk)
Other physical details ill.
500 ## - GENERAL NOTE
General note Includes references
700 ## - ADDED ENTRY--PERSONAL NAME
Personal name Deka,Prakash
942 ## - ADDED ENTRY ELEMENTS (KOHA)
Source of classification or shelving scheme Dewey Decimal Classification
Item type English Books
Classification part 338.272806054
Call number suffix SAT
Holdings
Withdrawn status Lost status Not for loan Collection code Home library Current library Date acquired Source of acquisition Cost, normal purchase price Full call number Barcode Copy number Cost, replacement price Koha item type
    Not For Loan Non-fiction D.B.Act.Division Bawana 11/07/2017 DBAD/PUB 499.00 338.272806054 SAT EN-102688 1 499.00 English Books

© Delhi Public Library
Hit Counter
free hit counter